"Prominent Men" : (Record no. 187141)
[ view plain ]
| 000 -LEADER | |
|---|---|
| fixed length control field | 00628 a2200181 4500 |
| 003 - CONTROL NUMBER IDENTIFIER | |
| control field | NUST |
| 005 - DATE AND TIME OF LATEST TRANSACTION | |
| control field | 20230130132727.0 |
| 040 ## - CATALOGING SOURCE | |
| Transcribing agency | Nust |
| 082 ## - DEWEY DECIMAL CLASSIFICATION NUMBER | |
| Classification number | 920,STR |
| 100 ## - MAIN ENTRY--PERSONAL NAME | |
| Personal name | Strover, C.H., |
| 9 (RLIN) | 108061 |
| 245 ## - TITLE STATEMENT | |
| Title | "Prominent Men" : |
| Remainder of title | a series of biographical sketches / |
| Statement of responsibility, etc. | C. H. Strover |
| 260 ## - PUBLICATION, DISTRIBUTION, ETC. | |
| Place of publication, distribution, etc. | Lahore |
| Name of publisher, distributor, etc. | RAI Sahib M. Gulab Singh & Sons Educational Publisher |
| Date of publication, distribution, etc. | 1936 |
| 300 ## - PHYSICAL DESCRIPTION | |
| Extent | 198 p.; |
| Other physical details | illus |
| Dimensions | 19 cm |
| 505 ## - FORMATTED CONTENTS NOTE | |
| Formatted contents note | Statesmen (Page-1), Seamen (Page-93), Philosophers (Page-113), Poet (Page-143), Doctor (Page-157). |
| 600 ## - SUBJECT ADDED ENTRY--PERSONAL NAME | |
| Personal name | Strover, C.H., |
| 9 (RLIN) | 108061 |
| 650 ## - SUBJECT ADDED ENTRY--TOPICAL TERM | |
| Topical term or geographic name entry element | Life of great peopel |
| 9 (RLIN) | 108062 |
| 942 ## - ADDED ENTRY ELEMENTS (KOHA) | |
| Source of classification or shelving scheme | |
| Koha item type | Book |
| Call number prefix | 920,STR |
| Withdrawn status | Lost status | Source of classification or shelving scheme | Damaged status | Not for loan | Permanent Location | Current Location | Shelving location | Date acquired | Full call number | Barcode | Date last seen | Price effective from | Koha item type | Public note |
|---|---|---|---|---|---|---|---|---|---|---|---|---|---|---|
| Military College of Signals (MCS) | Military College of Signals (MCS) | General Stacks | 12/12/2016 | 920,STR | MCS29248 | 12/08/2016 | 12/12/2016 | Book | Almirah No.59, Shelf No.4 |
